[Event "Scarborough CC Falling Leaves U2000"]
[Site "Toronto"]
[Date "2010.11.18"]
[Round "4"]
[White "Rapoport, Alex"]
[Black "Moran Venegas, Mario"]
[Result "1-0"]
[WhiteElo "1886"]
[BlackElo "1680"]
[PlyCount "81"]
[EventDate "2010.10.28"]
[EventType "swiss"]
[EventRounds "7"]
[EventCountry "CAN"]
[SourceTitle "EXT 2022"]
[Source "ChessBase"]
[SourceDate "2021.10.06"]
[SourceVersion "1"]
[SourceVersionDate "2021.10.06"]
[SourceQuality "1"]

1. d4 Nf6 2. Nf3 g6 3. e3 Bg7 4. c3 0-0 5. Nbd2 d5 6. Bd3 Nbd7 7. 0-0 e5 8. Nxe5 Nxe5 9. dxe5 Ng4 10. Nf3 Nxe5 11. Nxe5 Bxe5 12. f4 Bg7 13. e4 dxe4 14. Bxe4 Qxd1 15. Rxd1 Re8 16. Bf3 c6 17. Kf2 Be6 18. Be3 a6 19. Bb6 Bf6 20. h3 Bd8 21. Bc5 Bc7 22. g3 Rad8 23. Bg4 Bxg4 24. hxg4 b6 25. Bd4 c5 26. Bf6 Rd6 27. g5 Rde6 28. Rh1 Re2+ 29. Kf3 R8e3+ 30. Kg4 Rxb2 31. Rxh7 Rxg3+ 32. Kxg3 Bxf4+ 33. Kxf4 Rf2+ 34. Kg4 Rxf6 35. Rah1 Rf4+ 36. Kxf4 Kf8 37. Ke5 Ke7 38. Rf1 Ke8 39. Rfxf7 c4 40. Kf6 a5 41. Rh8# 1-0

[Event "Scarborough CC-ch Reserves op"]
[Site "Toronto"]
[Date "2010.04.01"]
[Round "6"]
[White "Manalo, Pepin"]
[Black "Rapoport, Alex"]
[Result "0-1"]
[WhiteElo "1838"]
[BlackElo "1809"]
[PlyCount "120"]
[EventDate "2010.02.25"]
[EventType "swiss"]
[EventRounds "9"]
[EventCountry "CAN"]
[SourceTitle "EXT 2022"]
[Source "ChessBase"]
[SourceDate "2021.10.06"]
[SourceVersion "1"]
[SourceVersionDate "2021.10.06"]
[SourceQuality "1"]

1. d4 d5 2. Nf3 e6 3. g3 f5 4. Bg2 Nf6 5. 0-0 Bd6 6. c4 c6 7. c5 Bc7 8. Nc3 Nbd7 9. Qd3 0-0 10. Rb1 a5 11. Ng5 Qe8 12. Bd2 e5 13. dxe5 Nxe5 14. Qc2 Qh5 15. f4 Nc4 16. Bf3 Qe8 17. Qd3 Nxd2 18. Qxd2 h6 19. Nh3 Be6 20. Nf2 Ne4 21. Qd4 Qg6 22. Bxe4 fxe4 23. e3 Bd8 24. Ne2 Bd7 25. a4 h5 26. Kh1 Re8 27. b4 axb4 28. Rxb4 Bf6 29. Qd2 Qf7 30. Nd4 Bc8 31. Kg2 Be7 32. Qc2 Qf8 33. Rc1 Kh7 34. Nh3 Bxh3+ 35. Kxh3 Ra7 36. Kg2 Rea8 37. h3 Qc8 38. f5 b5 39. Qe2 Qe8 40. axb5 cxb5 41. Rxb5 Bg5 42. Rb2 Ra3 43. Nc2 Rc3 44. Rd1 Rxc5 45. h4 Bf6 46. Nd4 Bxd4 47. Rxd4 Qf7 48. Qf1 Ra3 49. Qf4 Rcc3 50. Re2 Ra1 51. Red2 Rcc1 52. Qe5 Rg1+ 53. Kh3 Ra3 54. Re2 Rh1+ 55. Kg2 Raa1 56. Rxd5 Rag1+ 57. Kf2 Qb7 58. Rb5 Qa6 59. Qb2 Qd6 60. Qd4 Qxg3# 0-1

[Event "Scarborough CC-ch Reserves op"]
[Site "Toronto"]
[Date "2010.03.25"]
[Round "5"]
[White "Rapoport, Alex"]
[Black "Bzikot, Robert"]
[Result "1/2-1/2"]
[WhiteElo "1809"]
[BlackElo "1928"]
[PlyCount "57"]
[EventDate "2010.02.25"]
[EventType "swiss"]
[EventRounds "9"]
[EventCountry "CAN"]
[SourceTitle "EXT 2022"]
[Source "ChessBase"]
[SourceDate "2021.10.06"]
[SourceVersion "1"]
[SourceVersionDate "2021.10.06"]
[SourceQuality "1"]

1. Nf3 f5 2. b3 Nf6 3. Bb2 d6 4. d4 g6 5. e3 Bg7 6. Nbd2 0-0 7. Bc4+ e6 8. Qe2 a6 9. b4 b5 10. Bb3 Nc6 11. a3 Kh8 12. 0-0 d5 13. Ne5 Nxe5 14. dxe5 Nd7 15. Nf3 c5 16. bxc5 Nxc5 17. Bd4 Qe7 18. Nd2 Bd7 19. f4 Rac8 20. c3 g5 21. Bc2 g4 22. g3 h5 23. h3 Be8 24. Qh2 Kg8 25. Kg2 Bg6 26. Rfb1 Rb8 27. h4 Rfc8 28. Qg1 Be8 29. Qd1 1/2-1/2

[Event "Scarborough CC-ch Reserves op"]
[Site "Toronto"]
[Date "2010.03.04"]
[Round "2"]
[White "Fiedler, Brian"]
[Black "Rapoport, Alex"]
[Result "1-0"]
[WhiteElo "2161"]
[BlackElo "1809"]
[PlyCount "95"]
[EventDate "2010.02.25"]
[EventType "swiss"]
[EventRounds "9"]
[EventCountry "CAN"]
[SourceTitle "EXT 2022"]
[Source "ChessBase"]
[SourceDate "2021.10.06"]
[SourceVersion "1"]
[SourceVersionDate "2021.10.06"]
[SourceQuality "1"]

1. Nf3 c5 2. c4 Nc6 3. Nc3 Nf6 4. d4 cxd4 5. Nxd4 Qb6 6. Nb3 e6 7. e4 Bb4 8. Qe2 Nd4 9. Nxd4 Qxd4 10. Bd2 0-0 11. f3 d6 12. 0-0-0 Qc5 13. a3 Bxc3 14. Bxc3 Qg5+ 15. Qd2 Qxd2+ 16. Rxd2 Rd8 17. e5 Ne8 18. Be2 d5 19. Rhd1 Bd7 20. cxd5 Ba4 21. d6 Bxd1 22. Kxd1 f6 23. f4 g5 24. g3 fxe5 25. fxe5 Ng7 26. g4 Rac8 27. Bd4 b6 28. Be3 h6 29. Ba6 Rc6 30. Bb5 Rcc8 31. h4 gxh4 32. Rh2 h5 33. Rxh4 hxg4 34. Rxg4 Kf7 35. Bg5 Nf5 36. Ra4 a5 37. Bxd8 Rxd8 38. Ke2 Kg6 39. Bd3 Kg5 40. Rc4 Rd7 41. Rc7 Rd8 42. Kf3 Rf8 43. Ke4 Ng3+ 44. Kd4 Nf5+ 45. Bxf5 Kxf5 46. Rb7 Rh8 47. Rf7+ Kg6 48. Rf6+ 1-0

[Event "Scarborough CC-ch Reserves op"]
[Site "Toronto"]
[Date "2010.02.25"]
[Round "1"]
[White "Rapoport, Alex"]
[Black "Radpey, Abdolreza"]
[Result "1-0"]
[WhiteElo "1809"]
[BlackElo "1555"]
[PlyCount "55"]
[EventDate "2010.02.25"]
[EventType "swiss"]
[EventRounds "9"]
[EventCountry "CAN"]
[SourceTitle "EXT 2022"]
[Source "ChessBase"]
[SourceDate "2021.10.06"]
[SourceVersion "1"]
[SourceVersionDate "2021.10.06"]
[SourceQuality "1"]

1. Nf3 d5 2. g3 Nc6 3. d4 Nf6 4. Bg2 g6 5. 0-0 Bg7 6. Nbd2 h5 7. h4 Be6 8. c3 Qd7 9. Ng5 Bf5 10. e4 dxe4 11. Ndxe4 Nxe4 12. Nxe4 f6 13. Nc5 Qc8 14. Qa4 Bd7 15. Bf4 0-0 16. Rfe1 e5 17. dxe5 Nxe5 18. Nxd7 Qxd7 19. Qxd7 Nxd7 20. Bxc7 Nc5 21. Bd6 Nd3 22. Bxf8 Nxe1 23. Bxg7 Kxg7 24. Rxe1 Rb8 25. Re7+ Kh6 26. Rxb7 Rxb7 27. Bxb7 g5 28. c4 1-0

[Event "Toronto Scarborough CC Frost op"]
[Site "Toronto"]
[Date "2010.01.21"]
[Round "3"]
[White "Kurkowski, Ken"]
[Black "Rapoport, Alex"]
[Result "0-1"]
[WhiteElo "1626"]
[BlackElo "1855"]
[PlyCount "108"]
[EventDate "2010.01.07"]
[EventType "swiss"]
[EventRounds "6"]
[EventCountry "CAN"]
[SourceTitle "EXT 2011"]
[Source "ChessBase"]
[SourceDate "2010.11.26"]
[SourceVersion "1"]
[SourceVersionDate "2010.11.26"]
[SourceQuality "1"]

1. d4 d5 2. c4 e6 3. Nc3 f5 4. Nf3 Nf6 5. g3 c6 6. Bg2 Bd6 7. 0-0 0-0 8. Ne5 Nbd7 9. Bf4 Qc7 10. cxd5 exd5 11. Rc1 Qb8 12. Nxd7 Bxd7 13. Bxd6 Qxd6 14. e3 Rae8 15. a3 Ng4 16. Qd2 Qh6 17. h3 Nf6 18. f4 Re7 19. Rfe1 Rfe8 20. b4 Kh8 21. Qf2 Rg8 22. b5 Ne4 23. Nxe4 fxe4 24. bxc6 bxc6 25. Kh2 Bf5 26. Qc2 Re6 27. Qa4 g5 28. Rg1 Bxh3 29. Bxh3 g4 30. Kg2 gxh3+ 31. Kh2 Qh5 32. Qc2 Qf3 33. Qd2 Reg6 34. Qe1 Rb8 35. Rc2 Rb3 36. Qa5 Rg8 37. Qc7 Qg4 38. Qxc6 Rxe3 39. Qf6+ Qg7 40. Qxg7+ Rxg7 41. Rc8+ Rg8 42. Rxg8+ Kxg8 43. Ra1 Rd3 44. Kxh3 Rxd4 45. Kg4 Rd3 46. a4 e3 47. Kf3 d4 48. Ke2 Rd2+ 49. Ke1 Kf7 50. Rb1 Kg6 51. Rb7 d3 52. Rxa7 Ra2 53. Ra6+ Kf5 54. Ra5+ Kg4 0-1

[Event "Toronto Scarborough CC Falling Leaves"]
[Site "Toronto"]
[Date "2009.12.17"]
[Round "7"]
[White "Smith, Maurice"]
[Black "Rapoport, Alex"]
[Result "0-1"]
[WhiteElo "1654"]
[BlackElo "1870"]
[PlyCount "86"]
[EventDate "2009.11.05"]
[EventType "swiss"]
[EventRounds "7"]
[EventCountry "CAN"]
[SourceTitle "EXT 2011"]
[Source "ChessBase"]
[SourceDate "2010.11.26"]
[SourceVersion "1"]
[SourceVersionDate "2010.11.26"]
[SourceQuality "1"]

1. d4 d5 2. c4 e6 3. Nc3 f5 4. Nf3 Nf6 5. Bg5 Be7 6. e3 0-0 7. Bd3 Ne4 8. Bxe7 Qxe7 9. Ne5 c6 10. 0-0 Nd7 11. Rc1 Rf6 12. Ne2 Rh6 13. g3 Nxe5 14. dxe5 Qc7 15. f4 Qb6 16. Nd4 Qxb2 17. Rc2 Qa3 18. Nb3 Bd7 19. Bxe4 fxe4 20. Qd4 Qe7 21. Nc5 Be8 22. cxd5 exd5 23. Rcf2 Bh5 24. Nb3 b6 25. Nd2 Rd8 26. f5 c5 27. Qc3 Re8 28. f6 gxf6 29. exf6 Qf7 30. Rf5 Be2 31. R1f4 Ba6 32. Rg5+ Rg6 33. Rfg4 Bc8 34. Rxg6+ hxg6 35. Rf4 g5 36. Rf1 Bh3 37. Re1 Re6 38. a4 Rxf6 39. Qe5 Rf5 40. Qd6 Kh7 41. a5 c4 42. axb6 axb6 43. Qxb6 c3 0-1

[Event "Toronto Howard Ridout op"]
[Site "Toronto"]
[Date "2009.10.08"]
[Round "5"]
[White "Rapoport, Alex"]
[Black "Douglas, Richard"]
[Result "1/2-1/2"]
[WhiteElo "1814"]
[BlackElo "1859"]
[PlyCount "100"]
[EventDate "2009.09.10"]
[EventType "swiss"]
[EventRounds "8"]
[EventCountry "CAN"]
[SourceTitle "EXT 2011"]
[Source "ChessBase"]
[SourceDate "2010.11.26"]
[SourceVersion "1"]
[SourceVersionDate "2010.11.26"]
[SourceQuality "1"]

1. d4 Nf6 2. Nf3 g6 3. e3 Bg7 4. Bd3 0-0 5. 0-0 d6 6. Nbd2 Nbd7 7. b3 Re8 8. Bb2 e5 9. dxe5 Nxe5 10. Nxe5 dxe5 11. Bc4 c6 12. a4 Qc7 13. Nf3 Bg4 14. h3 Rad8 15. Qe2 e4 16. hxg4 Nxg4 17. Bxf7+ Qxf7 18. Bxg7 Qxg7 19. Ng5 h5 20. Qc4+ Rd5 21. Nxe4 Qe5 22. Ng3 Nxe3 23. fxe3 Qxg3 24. Rf3 Qe5 25. Raf1 b5 26. Qxc6 Qe6 27. axb5 Qxc6 28. bxc6 Rc5 29. c4 Rxc6 30. Ra1 Re7 31. Kf2 Rb6 32. Ra3 Rd7 33. e4 Rbd6 34. b4 Rd4 35. Ra6 Kh7 36. Rfa3 Rxc4 37. Rxa7 Rxa7 38. Rxa7+ Kg8 39. b5 Rb4 40. Rb7 Rxe4 41. b6 Rb4 42. Rb8+ Kg7 43. b7 h4 44. Kf3 g5 45. Ke3 g4 46. Ke2 h3 47. gxh3 Rb2+ 48. Kf1 gxh3 49. Kg1 h2+ 50. Kh1 Kh7 1/2-1/2

[Event "Scarborough CC Jack Frost"]
[Site "Toronto"]
[Date "2009.01.15"]
[Round "2"]
[White "Rapoport, Alex"]
[Black "Yuan, Yuanling"]
[Result "0-1"]
[WhiteElo "1899"]
[BlackElo "2256"]
[PlyCount "62"]
[EventDate "2009.01.08"]
[EventType "swiss"]
[EventRounds "7"]
[EventCountry "CAN"]
[SourceTitle "EXT 2011"]
[Source "ChessBase"]
[SourceDate "2010.11.26"]
[SourceVersion "1"]
[SourceVersionDate "2010.11.26"]
[SourceQuality "1"]

1. d4 Nf6 2. Nf3 g6 3. g3 Bg7 4. Bg2 0-0 5. 0-0 d6 6. b3 c5 7. dxc5 Ne4 8. Nd4 Nxc5 9. Bb2 Qb6 10. Na3 Na4 11. Nc4 Qc5 12. bxa4 Qxc4 13. c3 Nd7 14. Qb3 Qc7 15. Rab1 Nc5 16. Qc4 Bd7 17. Ba3 Rab8 18. Nb5 Qa5 19. Bxc5 dxc5 20. Rfd1 Bf5 21. Be4 Bxe4 22. Qxe4 a6 23. Na3 Qxc3 24. Rd3 Qa5 25. Rdb3 Bf6 26. e3 Rfd8 27. Rxb7 Rxb7 28. Rxb7 Qe1+ 29. Kg2 Rd1 30. Qc4 Qh1+ 31. Kh3 Qxb7 0-1

[Event "Scarborough CC Fall Swiss"]
[Site "Toronto"]
[Date "2007.11.01"]
[Round "1"]
[White "Villalobos, Oscar"]
[Black "Rapoport, Alex"]
[Result "1-0"]
[WhiteElo "1760"]
[BlackElo "2014"]
[PlyCount "93"]
[EventDate "2007.11.01"]
[EventType "swiss"]
[EventRounds "7"]
[EventCountry "CAN"]
[SourceTitle "EXT 2022"]
[Source "ChessBase"]
[SourceDate "2021.10.06"]
[SourceVersion "1"]
[SourceVersionDate "2021.10.06"]
[SourceQuality "1"]

1. e4 c5 2. Nc3 e6 3. g3 Nc6 4. Bg2 a6 5. Nf3 Qc7 6. d3 d6 7. 0-0 Bd7 8. a3 g6 9. Be3 Bg7 10. Qd2 h6 11. Nh4 Nf6 12. h3 0-0-0 13. b4 cxb4 14. axb4 g5 15. Nf3 Nxb4 16. Rfb1 Ng4 17. Bd4 Bxd4 18. Nxd4 Qc5 19. Nb3 Qxf2+ 20. Qxf2 Nxf2 21. Kxf2 Nxc2 22. Ra5 Nb4 23. Ke2 b6 24. Ra3 a5 25. Nd2 Kb7 26. Nc4 Kc7 27. Na2 Nxa2 28. Rxa2 a4 29. e5 dxe5 30. Nxe5 Be8 31. Rc2+ Kd6 32. Nc4+ Ke7 33. Rxb6 Bd7 34. Ne5 Rb8 35. Ra6 Rhc8 36. Ra2 Bb5 37. Ra7+ Kf6 38. Nxf7 Rc3 39. Be4 a3 40. Nxh6 Ke5 41. Nf7+ Kf6 42. Ke3 Be8 43. Rf2+ Kg7 44. Nxg5+ Kh6 45. h4 Bg6 46. Rf6 Rh8 47. Bxg6 1-0

[Event "Toronto Howard Ridout Swiss"]
[Site "Toronto"]
[Date "2007.09.20"]
[Round "2"]
[White "Rapoport, Alex"]
[Black "Lamb, Bryan"]
[Result "0-1"]
[WhiteElo "2014"]
[BlackElo "2207"]
[PlyCount "130"]
[EventDate "2007.09.13"]
[EventType "swiss"]
[EventRounds "7"]
[EventCountry "CAN"]
[SourceTitle "EXT 2022"]
[Source "ChessBase"]
[SourceDate "2021.10.06"]
[SourceVersion "1"]
[SourceVersionDate "2021.10.06"]
[SourceQuality "1"]

1. d4 Nf6 2. Nd2 g6 3. Ngf3 d6 4. g3 Bg7 5. Bg2 0-0 6. 0-0 Nbd7 7. Nc4 c5 8. c3 b5 9. Na3 Rb8 10. dxc5 Nxc5 11. Nd4 Bd7 12. Nc6 Bxc6 13. Bxc6 a6 14. Bg2 a5 15. Nc2 b4 16. Nd4 Qb6 17. cxb4 axb4 18. Nc6 Rb7 19. a3 bxa3 20. Rxa3 Rc8 21. b4 Nce4 22. b5 Qxb5 23. Na7 Rxa7 24. Rxa7 Nc3 25. Qe1 Nxe2+ 26. Kh1 Rxc1 27. Ra8+ Bf8 28. Qxc1 Nxc1 29. Rxc1 Qb2 30. Rac8 Qxf2 31. R8c2 Qe3 32. Rc3 Qe5 33. Rc8 Ne4 34. Rf1 Qd4 35. Bf3 Nd2 36. Rd1 Nxf3 37. Rxd4 Nxd4 38. Kg2 f5 39. Kf2 Kf7 40. Ke3 e5 41. Rc7+ Be7 42. Kd3 Ke6 43. Ra7 g5 44. Ra8 Bf6 45. Ra7 h5 46. Rh7 h4 47. Rh6 d5 48. Ke3 f4+ 49. Kf2 hxg3+ 50. hxg3 Nf5 51. Rh7 Nxg3 52. Rb7 Kf5 53. Rd7 d4 54. Rd5 g4 55. Kg2 Ke4 56. Rd6 d3 57. Kf2 Bh4 58. Rd7 Ne2+ 59. Kf1 Nd4 60. Ra7 d2 61. Ra1 Nb3 62. Ra4+ Kf3 63. Rxf4+ exf4 64. Kg1 d1Q+ 65. Kh2 Bg3# 0-1

[Event "Scarborough CC-ch"]
[Site "Toronto"]
[Date "2007.02.22"]
[Round "8"]
[White "Rapoport, Alex"]
[Black "Paterson, Jim"]
[Result "1/2-1/2"]
[WhiteElo "1958"]
[BlackElo "1916"]
[PlyCount "45"]
[EventDate "2007.01.04"]
[EventType "tourn"]
[EventRounds "9"]
[EventCountry "CAN"]
[SourceTitle "EXT 2022"]
[Source "ChessBase"]
[SourceDate "2021.10.06"]
[SourceVersion "1"]
[SourceVersionDate "2021.10.06"]
[SourceQuality "1"]

1. d4 d5 2. e3 Nf6 3. f4 Bg4 4. Be2 Bxe2 5. Qxe2 c6 6. Nf3 e6 7. 0-0 Nbd7 8. Nbd2 Bd6 9. c3 Qc7 10. Ne5 0-0 11. e4 dxe4 12. Nxd7 Qxd7 13. Nxe4 Nxe4 14. Qxe4 Bc7 15. b3 Qd5 16. Qxd5 exd5 17. Bd2 Rfe8 18. Rae1 f6 19. Kf2 Kf7 20. Kf3 Rxe1 21. Rxe1 Re8 22. a3 Rxe1 23. Bxe1 1/2-1/2

[Event "Scarborough CC-ch"]
[Site "Toronto"]
[Date "2007.02.08"]
[Round "6"]
[White "Rapoport, Alex"]
[Black "Deiseach, Donald"]
[Result "1-0"]
[WhiteElo "1958"]
[BlackElo "2005"]
[PlyCount "69"]
[EventDate "2007.01.04"]
[EventType "tourn"]
[EventRounds "9"]
[EventCountry "CAN"]
[SourceTitle "EXT 2022"]
[Source "ChessBase"]
[SourceDate "2021.10.06"]
[SourceVersion "1"]
[SourceVersionDate "2021.10.06"]
[SourceQuality "1"]

1. d4 Nf6 2. Nd2 d5 3. e3 e6 4. Bd3 c5 5. c3 Nc6 6. f4 Bd6 7. g3 0-0 8. Ngf3 Ng4 9. Bxh7+ Kxh7 10. Ng5+ Kg8 11. Qxg4 e5 12. Qh5 Bf5 13. dxe5 Be7 14. h4 Qd7 15. e6 fxe6 16. g4 Bxg5 17. hxg5 Bd3 18. g6 Bxg6 19. Qxg6 Rf6 20. Qh7+ Kf7 21. Nf3 Ke8 22. g5 Rf8 23. Qg6+ Kd8 24. Bd2 Kc7 25. 0-0-0 Rae8 26. Be1 Kb8 27. Bg3 Ka8 28. Ne5 Nxe5 29. fxe5 a6 30. Rh7 Re7 31. Rdh1 Qb5 32. Bf4 Ka7 33. Rxg7 Rxg7 34. Qxg7 Rd8 35. Qf6 1-0

[Event "Scarborough CC-ch"]
[Site "Toronto"]
[Date "2007.01.11"]
[Round "2"]
[White "Hall, John2222"]
[Black "Rapoport, Alex"]
[Result "1-0"]
[WhiteElo "2057"]
[BlackElo "1989"]
[PlyCount "47"]
[EventDate "2007.01.04"]
[EventType "tourn"]
[EventRounds "9"]
[EventCountry "CAN"]
[SourceTitle "EXT 2022"]
[Source "ChessBase"]
[SourceDate "2021.10.06"]
[SourceVersion "1"]
[SourceVersionDate "2021.10.06"]
[SourceQuality "1"]

1. d4 d5 2. c4 e6 3. Nc3 c6 4. e4 dxe4 5. Nxe4 Nf6 6. Nxf6+ Qxf6 7. Nf3 Bb4+ 8. Bd2 Bxd2+ 9. Qxd2 Nd7 10. 0-0-0 0-0 11. Bd3 c5 12. Ng5 g6 13. h4 Qxd4 14. Nf3 Qg7 15. h5 Ne5 16. hxg6 Nxd3+ 17. Qxd3 fxg6 18. Qe3 b5 19. Ng5 h6 20. Ne4 g5 21. Nxc5 bxc4 22. Nxe6 Bxe6 23. Qxe6+ Kh7 24. Rd7 1-0